Introducción al Derecho Procesal. Nuevas aproximaciones
Gardado en:
| Main Authors: | , |
|---|---|
| Formato: | Libro |
| Idioma: | Lingua castelá |
| Publicado: |
Santiago, Chile
Ediciones DER
2018
|
| Edición: | 1a. ed |
| Series: | Cuadernos Jurídicos
|
| Subjects: | |
| Acceso en liña: | Disponible Online - pp 1-80 |
| Tags: |
Engadir etiqueta
Sen Etiquetas, Sexa o primeiro en etiquetar este rexistro!
|
MARC
| LEADER | 00000cam a2200000 a 4500 | ||
|---|---|---|---|
| 001 | UCC3768 | ||
| 003 | CL-VaPUC | ||
| 005 | 20210511001427.0 | ||
| 008 | 180615e20180000cl |||||||||||||||||spa|d | ||
| 999 | |c 371452 |d 371450 | ||
| 020 | |a 9789569959172 | ||
| 040 | |c Pontificia Universidad Católica de Valparaíso | ||
| 082 | 0 | 4 | |a 347 VAR 2018 |2 21 |
| 100 | 0 | |a Vargas Pavez, Macarena |e author |9 597882 | |
| 245 | 1 | 0 | |a Introducción al Derecho Procesal. |b Nuevas aproximaciones |
| 250 | |a 1a. ed | ||
| 260 | |a Santiago, Chile |b Ediciones DER |c 2018 | ||
| 300 | |a 274 páginas | ||
| 440 | |a Cuadernos Jurídicos |9 860855 | ||
| 583 | |a last modification |c 20180615 12:36:00 |k Rodrigo Vera | ||
| 650 | 0 | |a Procedimiento penal |9 254974 | |
| 650 | 0 | |a Derecho procesal penal |9 255496 | |
| 650 | 0 | |a Jurisprudencia |9 255952 | |
| 700 | 0 | |a Fuentes Maureira, Claudio |e author |9 597883 | |
| 856 | |u http://bibliografiadigital.pucv.cl.pucv.idm.oclc.org/index.php/bibliotecapucv/catalog/book/410 |y Disponible Online - pp 1-80 | ||
| 942 | |c BK |2 ddc | ||
| 945 | |d 20180615 12:36:00 |a dcastane | ||
| 952 | |0 0 |1 0 |3 erb |4 0 |6 347_000000000000000_VAR_2018 |7 0 |8 A |9 488451 |a BIBDER |b BIBDER |i 5475007 |l 7 |m 2 |o 347 VAR 2018 |p 5475007 |r 2025-04-30 |s 2025-04-21 |w 2019-11-24 |y BK |z Catalogado en:20180615 |k DER | ||
| 952 | |0 0 |1 0 |3 erb |4 0 |6 347_000000000000000_VAR_2018 |7 0 |8 A |9 488452 |a BIBDER |b BIBDER |i 5475015 |l 15 |m 3 |o 347 VAR 2018 |p 5475015 |r 2025-05-05 |s 2025-04-25 |w 2019-11-24 |y BK |z Catalogado en:20180615 |k DER | ||
| 952 | |0 0 |1 0 |3 erb |4 0 |6 347_000000000000000_VAR_2018 |7 0 |8 A |9 488453 |a BIBDER |b BIBDER |i 5475023 |l 7 |m 2 |o 347 VAR 2018 |p 5475023 |r 2024-06-24 |s 2024-06-07 |w 2019-11-24 |y BK |z Catalogado en:20180615 |k DER | ||